000 01294cam a2200421 a 4500
001 22430
003 SK-KTurca
005 20260328110600.0
008 240315s2012 xo g 000 f slo
015 _aSNBA2012/02-01128
020 _a9788055127224
_q(viaz.)
035 _a0B2456B8-59C5-452C-BA29-1849DB09FC4E
035 _aurn:nbn:sk:snk-amjjmg
035 _aurn:nbn:sk:snk-am000yg4
040 _aPPPK
_bslo
_cPPPK
_dSNK
_eAACR2
041 1 _aslo
_heng
044 _axo
_cSK
072 7 _a821.111(73)-3
_xAmerická próza
_2konspekt
080 _a821.111(73)-31
_22001
080 _a(0:82-312.5)
_22001
100 1 _aCarr, Robyn,
_d1951-
_4aut
240 1 0 _aVirgin River
_lSlovensky
245 1 0 _aNový domov
_cRobyn Carrová ; [z anglického originálu preložila Miriam Ghaniová]
250 _a[1. vyd.]
260 _aBratislava
_bIkar
_c2012
300 _a311 s.
_c21 cm
490 1 _aVirgin River
655 7 _aamerické romány
_2SNKPH
655 7 _aľúbostné romány
_2SNKPH
655 7 _aAmerican fiction
_2SNKPHeng
655 7 _aLove novels
_2SNKPHeng
700 1 _aGhaniová, Miriam
_4trl
830 0 _aVirgin River
942 _2ddc
_cKLDO
_n0
980 _a821.111(73)-31
980 _a(0:82-312.5)
999 _c22430
_d22430